[Event "FICGS rapid E 000051 email"]
[Site "FICGS email"]
[Date "2011.03.31"]
[Round "1"]
[White "Orden, Jorge"]
[Black "Korossy, Peter"]
[Result "0-1"]
[WhiteElo "1153"]
[BlackElo "1154"]
[PlyCount "82"]
[EventDate "2011.??.??"]
[EventType "tourn (rapid)"]
[EventRounds "6"]
[SourceTitle "Corr 2013"]
[Source "ChessBase"]
[SourceDate "2012.11.12"]
[SourceVersion "1"]
[SourceVersionDate "2012.11.12"]
[SourceQuality "1"]

1. e4 e5 2. Nf3 d6 3. h3 Nf6 4. Nc3 g6 5. Be2 Be7 6. 0-0 0-0 7. d4 Nc6 8. d5 Nd4 9. Nxd4 exd4 10. Qxd4 c6 11. Bh6 Re8 12. g4 c5 13. Qd2 Qb6 14. Rab1 Bd8 15. f4 Nxe4 16. Nxe4 Rxe4 17. Qc3 f6 18. g5 Kf7 19. gxf6 Bxf6 20. Qa3 Rxe2 21. c4 Bxh3 22. Qxh3 Rae8 23. Qd7+ Be7 24. b3 Rd8 25. Qg4 Re3 26. f5 Rg8 27. fxg6+ Ke8 28. Qc8+ Qd8 29. Qxb7 Rxg6+ 30. Kh2 Rxh6+ 31. Kg2 Qd7 32. Qxd7+ Kxd7 33. Rf4 Re5 34. Rbf1 Rg6+ 35. Kf2 Bg5 36. Rf7+ Re7 37. Rxe7+ Bxe7 38. Rh1 h6 39. Kf3 Bf8 40. Kf4 Bg7 41. Rh2 Be5+ 0-1

[Event "FICGS rapid E 000038 email"]
[Site "FICGS email"]
[Date "2010.11.20"]
[Round "1"]
[White "Cavaille, Cedric"]
[Black "Korossy, Peter"]
[Result "0-1"]
[WhiteElo "1200"]
[BlackElo "1200"]
[PlyCount "108"]
[EventDate "2010.??.??"]
[EventType "tourn (rapid)"]
[EventRounds "1"]
[SourceTitle "Corr 2013"]
[Source "ChessBase"]
[SourceDate "2012.11.12"]
[SourceVersion "1"]
[SourceVersionDate "2012.11.12"]
[SourceQuality "1"]

1. Nf3 d5 2. d4 Nc6 3. Nc3 g6 4. e4 Nf6 5. exd5 Nxd5 6. Bc4 Nxc3 7. bxc3 Bg7 8. Ng5 f6 9. Nf7 Qd7 10. Nxh8 Bxh8 11. 0-0 e5 12. dxe5 Nxe5 13. Qxd7+ Bxd7 14. Bd3 0-0-0 15. Rb1 b6 16. Bb5 f5 17. Bxd7+ Nxd7 18. Bb2 Be5 19. a4 Nc5 20. c4 Bd6 21. Ra1 Ne4 22. Ba3 Nc3 23. Bxd6 Rxd6 24. Ra3 Ne4 25. f3 Nd2 26. Rd1 Nxc4 27. Rxd6 Nxa3 28. Rd2 Nc4 29. Re2 Nb2 30. Re7 Nxa4 31. Rxh7 b5 32. Rg7 b4 33. Rxg6 Nc3 34. h4 Ne2+ 35. Kf2 Nd4 36. Rg5 Nxc2 37. Rxf5 b3 38. Rb5 Nd4 39. Rd5 b2 40. Rxd4 b1Q 41. h5 Qb2+ 42. Ke3 Qxg2 43. Rf4 Qg5 44. Ke4 Qxh5 45. Rf5 Qe8+ 46. Re5 Qa4+ 47. Kf5 a5 48. f4 Qb4 49. Kg5 a4 50. f5 a3 51. f6 a2 52. f7 a1Q 53. Rf5 Qg7+ 54. Kh5 Qbg4# 0-1

[Event "FICGS rapid E 000038 email"]
[Site "FICGS email"]
[Date "2010.11.20"]
[Round "1"]
[White "Korossy, Peter"]
[Black "Quanter, Kirsty"]
[Result "0-1"]
[WhiteElo "1200"]
[BlackElo "1106"]
[PlyCount "56"]
[EventDate "2010.??.??"]
[EventType "tourn (rapid)"]
[EventRounds "1"]
[SourceTitle "Corr 2013"]
[Source "ChessBase"]
[SourceDate "2012.11.12"]
[SourceVersion "1"]
[SourceVersionDate "2012.11.12"]
[SourceQuality "1"]

1. e4 e5 2. Nf3 Nc6 3. c3 d5 4. Be2 dxe4 5. Ng1 Nf6 6. d3 exd3 7. Bxd3 Qd5 8. Nf3 e4 9. Bxe4 Qxe4+ 10. Qe2 Qxe2+ 11. Kxe2 b6 12. Re1 Ba6+ 13. Kd1+ Be7 14. Bf4 0-0-0+ 15. Nbd2 Ng4 16. Be3 Nxe3+ 17. Rxe3 Bc5 18. Re1 Bxf2 19. Re4 f5 20. Re6 Kd7 21. Ne5+ Kxe6 22. Nxc6 Rd6 23. Nd4+ Bxd4 24. cxd4 Rxd4 25. Rc1 Kd7 26. Rc3 Re8 27. Kc1 Re1+ 28. Kc2 Re2 0-1

[Event "FICGS rapid E 000038 email"]
[Site "FICGS email"]
[Date "2010.11.20"]
[Round "1"]
[White "Korossy, Peter"]
[Black "Stoyanov, Zdravko"]
[Result "0-1"]
[WhiteElo "1200"]
[BlackElo "1229"]
[PlyCount "84"]
[EventDate "2010.??.??"]
[EventType "tourn (rapid)"]
[EventRounds "1"]
[SourceTitle "Corr 2013"]
[Source "ChessBase"]
[SourceDate "2012.11.12"]
[SourceVersion "1"]
[SourceVersionDate "2012.11.12"]
[SourceQuality "1"]

1. e4 c5 2. c3 a6 3. d4 cxd4 4. cxd4 e6 5. Bd3 Bb4+ 6. Bd2 Bxd2+ 7. Nxd2 Nc6 8. Ngf3 Nge7 9. 0-0 Nb4 10. Bc4 0-0 11. a3 Nbc6 12. Qc2 d5 13. exd5 exd5 14. Bd3 h6 15. b4 g6 16. g3 Bh3 17. Rfe1 Qd7 18. Ne5 Nxe5 19. dxe5 b5 20. f4 d4 21. Ne4 Nd5 22. Nf2 Rfc8 23. Qb2 Rc3 24. Rec1 Bf5 25. Be4 Bxe4 26. Nxe4 Rxc1+ 27. Rxc1 Qa7 28. Nc5 Nc3 29. Nd3 a5 30. Kf1 axb4 31. Nxb4 Qxa3 32. Qxa3 Rxa3 33. Nc2 Ra4 34. Nxd4 b4 35. Nc6 Nd5 36. Nd4 Ne3+ 37. Ke1 Ra2 38. h3 Kg7 39. g4 Ng2+ 40. Kf1 Nxf4 41. h4 Rh2 42. Re1 Rxh4 0-1